A dolgozatjavítás akaratnevelő ereje
Elmentve itt :
| Szerző: | |
|---|---|
| Dokumentumtípus: | Cikk |
| Megjelent: |
1982
|
| Sorozat: | Módszertani közlemények
22 No. 5 |
| Kulcsszavak: | Neveléstudomány |
| Online Access: | http://acta.bibl.u-szeged.hu/27033 |
| LEADER | 00613nab a2200181 i 4500 | ||
|---|---|---|---|
| 001 | acta27033 | ||
| 005 | 20210223153814.0 | ||
| 008 | 161017s1982 hu o 0|| hun d | ||
| 022 | |a 1219-0039 | ||
| 040 | |a SZTE Egyetemi Kiadványok Repozitórium |b hun | ||
| 041 | |a hun | ||
| 100 | 1 | |a Takács Julianna | |
| 245 | 1 | 2 | |a A dolgozatjavítás akaratnevelő ereje |h [elektronikus dokumentum] / |c Takács Julianna |
| 260 | |c 1982 | ||
| 300 | |a 311-312 | ||
| 490 | 0 | |a Módszertani közlemények |v 22 No. 5 | |
| 695 | |a Neveléstudomány | ||
| 856 | 4 | 0 | |u http://acta.bibl.u-szeged.hu/27033/1/modszertani_022_005_311-312.pdf |z Dokumentum-elérés |